| 000 | 00618nam a2200205Ia 4500 | ||
|---|---|---|---|
| 005 | 20250508160145.0 | ||
| 008 | 008 250505s9999 xx 000 0 eng d | ||
| 037 | _aBooks to be hide in OPAC | ||
| 040 |
_aFEDL _beng _cFEDL |
||
| 041 |
_aeng _2eng |
||
| 084 | _qFEDL | ||
| 100 |
_aCapen Samuel Paul _9768002 |
||
| 245 | 0 | _aAccredited higher institution | |
| 245 | 0 | _cDepartment of the Interior. Education, (Ministry of ...) | |
| 260 |
_aWashington, USA _bU.S. Government Printing Office _c1917 |
||
| 300 | _a79p | ||
| 546 | _aBulletin, 1917, No.17; Weeded out | ||
| 942 | _cHB | ||
| 999 |
_c1362285 _d1362285 |
||